Звичайний вигляд Перегляд у МАРК

Входження „Topical Term“

Кількість записів, які використовуються: 1

001 - CONTROL NUMBER

  • control field: 23322

003 - CONTROL NUMBER IDENTIFIER

  • control field: UA-OsUOA

005 - DATE AND TIME OF LATEST TRANSACTION

  • control field: 20260302101246.0

008 - FIXED-LENGTH DATA ELEMENTS

  • fixed length control field: 260302|| aca||aabn | a|a d

040 ## - CATALOGING SOURCE

  • Original cataloging agency: UA-OsUOA
  • Transcribing agency: UA-OsUOA

150 ## - HEADING--TOPICAL TERM

  • Topical term or geographic name as entry element: 504 Загроза навколишньому середовищу/ В тому числі: Забруднення

670 ## - SOURCE DATA FOUND

  • Source citation: Work cat.: (UA-OsUOA)579732: Wyrostkiewicz M. 23321, Human Ecology. An Outline of the Concept and the Relationship between Man and Nature, 2013